01282nam a2200301 4500001000400000003000400004005001700008008004100025020001800066040000800084041001300092082001900105100003300124240003700157245009000194260003600284300001100320520038200331650001500713650003100728650001800759650004800777650003100825650004600856655002100902655002700923830003000950398OSt20250617152347.0250414b |||||||e |||| 00| 0 eng d a9788565042727 bpor hgerapor a150.195bB122p aBack, Frederickd1924 - 2013 aPsicologia aplicada no Cotidiano aPsicologia aplicada no cotidiano :bO Essencial da Psicologia / cBack, Frederick ; bHunter Booksc2016aSão Paulo a152 p. aPsicologia aplicada no cotidiano fala um pouco de tudo o que representa o conhecimento da Psicologia: os pioneiros Freud e Jung, os sonhos e os distúrbios do sono, amor e paixão, os ídolos e a idolatria, casamento, família e crises, a adolescência e seus conflitos, os mitos dos supers-heróis e os efeitos psicológicos da cores e dos pets na vida das pessoas.  0aPsicologia 0aPsicologia Comportamental  0aPsicanálise 0aAutoconhecimento – Filosofia e psicologia 0aFreud, Sigmund – Teorias 0aAplicações da Psicologia no Cotidiano 0aNão Ficção 0aTécnico-científico aO Essencial da Psicologia